|
|
|
|
| LEADER |
01359nam a2200289 a 4500 |
| 001 |
00016983 |
| 003 |
BD-DhAAL |
| 008 |
090503s2004 enkaf b 001 0 eng d |
| 010 |
|
|
|a \\2004436613
|
| 020 |
|
|
|a 3527305548
|
| 040 |
|
|
|a StDuBDS
|c StDuBDS
|d Uk
|d PU
|d DLC
|d BD-DhAAL
|
| 082 |
0 |
0 |
|a 615.19
|2 22
|
| 245 |
0 |
0 |
|a Pharmaceutical biotechnology :
|b drug discovery and clinical applications /
|c [edited by] Oliver Kayser, Rainer H. Müller.
|
| 260 |
|
|
|a Weinheim :
|b Wiley-VCH,
|c 2004.
|
| 300 |
|
|
|a xxv, 311 pages, [11] p. of plates :
|b illustrations (some colors) ;
|c 25 cm
|
| 504 |
|
|
|a Includes bibliographical references and index.
|
| 526 |
|
|
|a MNS
|x Professor Naiyyum Choudhury
Department of Mathematics and Natural Sciences
BRAC University
|
| 541 |
1 |
|
|e 00016983
|a Paragon Enterprises LTD
|
| 650 |
|
0 |
|a Pharmaceutical biotechnology.
|9 41697
|
| 650 |
|
0 |
|a Pharmaceutical biotechnology
|x Law and legislation.
|9 43963
|
| 650 |
|
0 |
|a Pharmacy.
|9 43964
|
| 700 |
1 |
|
|a Kayser, Oliver.
|9 41698
|
| 700 |
1 |
|
|a Müller, Rainer H.
|9 41699
|
| 852 |
4 |
|
|a Ayesha Abed Library
|c General Stacks
|
| 942 |
|
|
|2 ddc
|c BK
|
| 999 |
|
|
|c 331
|d 331
|
| 952 |
|
|
|0 0
|1 0
|2 ddc
|4 0
|6 615_190000000000000_PHA_2004
|7 0
|9 301
|a BRACUL
|b BRACUL
|c GEN
|d 2009-05-03
|e Paragon Enterprises LTD
|g 11849.00
|l 4
|m 17
|o 615.19 PHA
|p 3010016983
|r 2020-11-03
|s 2017-06-18
|t 1
|w 2009-05-03
|y BK
|x Requisitioned by Professor Naiyyum Choudhury.
|